Mystery Taylor Swift Song #19 - Statistics

General Stats
  • This quiz has been taken 1,549 times
    1,447 since last reset
  • The average score is 65 of 112
Answer Stats
Song % Correct
(I
96%
I
96%
a
94%
you
93%
the
92%
me
90%
me)
90%
me?
90%
Lover
84%
to
81%
And
80%
ever
79%
on
79%
Who
79%
do?
78%
in
78%
but
77%
my
77%
for
76%
what
76%
of
75%
your
75%
could
74%
I'm
74%
if
73%
The Archer
73%
they
73%
so
72%
that
72%
all
71%
archer
71%
Can
71%
go
71%
been
70%
don't
70%
is
70%
I've
70%
men
70%
see
68%
leave
67%
stay
67%
stay?
67%
it's
66%
say
66%
want
66%
darling
64%
Then
64%
'Cause
63%
like
62%
prey
62%
right
62%
said
59%
through
59%
hold
58%
out
56%
off
54%
ready
54%
Combat
53%
just
53%
come
52%
Couldn't
52%
got
52%
up
52%
friends
51%
Help
51%
never
51%
again
50%
from
50%
alone
49%
king's
49%
together
49%
horses
48%
put
48%
enemies
47%
started
47%
here?
46%
movies
46%
night
46%
Easy
45%
cruelty
44%
almost
43%
die
43%
hundred
43%
jump
41%
wins
41%
getting
40%
hate
40%
heroes
40%
old
40%
face
39%
fire
39%
ghost
39%
speeches
39%
years
39%
cut
38%
Dark
38%
invisible
38%
reflection
38%
room
38%
wake
38%
nose
37%
side
37%
grew
35%
ride
35%
search
35%
smoke
35%
spite
35%
pace
34%
Screaming
33%
train
33%
alright
32%
thrown-out
31%
No matching quizzes found
Score Distribution
Percent of People with Each Score
Percentile by Number Answered
Your Score History
You have not taken this quiz since the last reset